Sports Quiz

Random Sports Quiz

Name the Nexus members by finishers Quiz Stats

 Plays Quiz not verified by Sporcle

Support Sporcle.
Go Orange.
Score 0/13 Timer 10:00
0 Plays Today
Finisher name Superstar % Correct
450 SplashJustin Gabriel
95.8%
Forward fireman's carry slamWade Barrett
88.9%
Thrust SpinebusterDavid Otunga
80.6%
Running Diving Senton/Swinging STOHusky Harris
68.1%
Jumping Russian Leg SweepHeath Slater
68.1%
Running ClotheslineSkip Sheffield
68.1%
Omoplata CrossfaceDaniel Bryan
68.1%
Running Swinging NeckbreakerMichael McGillicutty
65.3%
Fireman carry into knee strikeCM Punk
63.9%
Full Nelson into FlapjackDarren Young
62.5%
Fireman carry slam into powerslamJohn Cena
61.1%
Swinging Side SlamMason Ryan
52.8%
Reverse thrown scoopslamMichael Tarver
52.8%

You're not logged in!

Compare scores with friends on all Sporcle quizzes.
OR
Log In

From the Vault

Most Oscar Losses (Acting)

by MSUKent

If at first you don't succeed at getting an Oscar, gain 50 pounds or wear a fake nose, and you'll surely win next time.
Remove Ads.
Support Sporcle.
Get the best of Sporcle when you Go Orange. This ad-free experience offers more features, more stats, and more fun while also helping to support Sporcle. Thank you for becoming a member.

Show Comments

Extras

Created Feb 19, 2011ReportNominate
Tags:Finisher, Next

Top Quizzes Today


Score Distribution

Your Account Isn't Verified!

In order to create a playlist on Sporcle, you need to verify the email address you used during registration. Go to your Sporcle Settings to finish the process.

Report this User

Report this user for behavior that violates our Community Guidelines.

Details: